Pays du monde par population - Statistiques

Statistiques générales
  • Ce quiz a été pris 3 022 fois
    2 919 depuis la dernière actualisation
  • Le résultat moyen est 40 sur 199
Statistiques - réponses
Population Rang Continent pays % Correct
1 415 045 928 1 Asie Chine
100%
328 286 400 3 Amérique Etats unis
97%
1 355 621 800 2 Asie Inde
97%
207 096 196 6 Amérique Brésil
85%
266 471 000 4 Asie Indonésie
82%
146 544 710 9 Europe/Asie Russie
79%
126 577 691 10 Amérique Mexique
75%
190 632 261 7 Afrique Nigeria
75%
207 774 520 5 Asie Pakistan
75%
160 339 154 8 Asie Bangladesh
66%
126 420 000 11 Asie Japon
66%
82 850 000 17 Europe Allemagne
64%
66 993 000 20 Europe France
64%
66 040 229 21 Europe Royaume uni
61%
102 374 044 13 Afrique Ethiopie
57%
60 483 973 23 Europe Italie
57%
99 375 741 14 Afrique Egypte
56%
107 008 620 12 Asie Philippines
55%
86 895 208 16 Afrique Republique démocratique du congo
53%
91 700 000 15 Asie Vietnam
52%
46 659 302 30 Europe Espagne
47%
82 801 633 19 Asie Iran
47%
65 242 920 22 Asie Thailande
46%
82 835 090 18 Asie Turquie
46%
48 529 500 28 Amérique Colombie
42%
45 426 200 31 Europe Ukraine
42%
43 590 400 32 Amérique Argentine
41%
54 956 900 25 Afrique Afrique du sud
40%
55 155 000 24 Afrique Tanzanie
40%
37 976 687 37 Europe Pologne
39%
51 541 582 27 Asie Corée du sud
36%
42 008 054 33 Afrique Algérie
35%
36 963 854 38 Amérique Canada
35%
54 363 000 26 Asie Myanmar
34%
24 000 300 53 Océanie Australie
33%
47 251 000 29 Afrique Kenya
33%
32 207 685 42 Amérique Pérou
32%
804 199 Europe Vatican
32%
36 069 786 39 Afrique Maroc
29%
41 511 526 34 Afrique Soudan
29%
30 206 307 45 Amérique Venezuela
29%
39 339 753 36 Asie Irak
28%
33 554 343 41 Asie Arabie Saoudite
26%
39 570 125 35 Afrique Ouganda
26%
34 124 811 40 Asie Afghanistan
25%
30 417 000 44 Asie Malaisie
24%
19 523 621 60 Europe Roumanie
24%
37 550 192 Europe Monaco
23%
32 480 193 Europe Saint-Marin
23%
38 114 191 Europe Liechtenstein
22%
28 359 634 46 Afrique Angola
21%
30 492 800 43 Asie Ouzbekistan
21%
17 181 084 65 Europe Pays bas
21%
71 732 188 Europe Andorre
20%
11 413 203 77 Europe Belgique
20%
17 909 754 63 Amérique Chili
20%
27 220 000 48 Afrique Mozambique
19%
28 000 000 47 Asie Népal
19%
24 851 627 52 Asie Corée du nord
18%
15 445 691 68 Amérique Equateur
18%
27 043 093 49 Afrique Ghana
18%
10 291 027 85 Europe Portugal
18%
26 180 000 50 Asie Yemen
18%
23 739 218 54 Afrique Cameroun
17%
10 738 868 83 Europe Grèce
17%
25 570 895 51 Afrique Madagascar
17%
11 359 196 Océanie Nauru
17%
4 661 320 123 Océanie Nouvelle Zélande
17%
6 552 730 105 Océanie Papouasie-Nouvelle-Guinée
17%
22 671 331 56 Afrique Cote d'ivoire
16%
14 647 083 69 Amérique Guatemala
16%
10 610 055 84 Europe République Tchèque
16%
23 449 287 55 Asie Taiwan
16%
9 778 371 89 Europe Hongrie
15%
10 120 242 87 Europe Suède
15%
8 482 152 96 Europe Suisse
15%
10 782 197 Océanie Tuvalu
15%
8 822 267 94 Europe Autriche
14%
10 800 882 82 Amérique Bolivie
14%
11 475 982 79 Amérique Cuba
14%
10 911 819 81 Amérique Haiti
14%
17 541 200 64 Asie Kazakhstan
14%
17 994 837 62 Afrique Mali
14%
20 672 987 58 Afrique Niger
14%
21 186 194 Océanie Palaos
14%
20 675 000 57 Asie Sri lanka
14%
9 498 700 90 Europe Bielorussie
13%
16 204 486 66 Asie Cambodge
13%
903 207 160 Océanie Fidji
13%
602 005 166 Europe Luxembourg
13%
475 701 169 Europe Malte
13%
18 090 242 61 Asie Syrie
13%
7 050 034 100 Europe Bulgarie
12%
20 107 509 59 Afrique Burkina faso
12%
110 136 181 Océanie Kiribati
12%
105 681 183 Océanie Micronésie
12%
9 980 243 88 Amérique République dominicaine
12%
51 538 190 Amérique Saint-Christophe et Nieves
12%
196 628 177 Océanie Samoa
12%
7 001 444 101 Europe Serbie
12%
106 440 182 Océanie Tonga
12%
286 434 176 Océanie Vanuatu
12%
5 513 130 114 Europe Finlande
11%
8 576 532 95 Amérique Honduras
11%
323 675 173 Europe Islande
11%
70 983 189 Océanie Marshall
11%
609 883 165 Océanie Salomon
11%
13 567 338 72 Afrique Senegal
11%
91 650 185 Afrique Seychelles
11%
14 638 505 70 Afrique Zambie
11%
13 771 721 71 Afrique Zimbabwe
11%
5 781 190 112 Europe Danemark
10%
73 449 187 Amérique Dominique
10%
11 474 383 76 Afrique Guinée
10%
4 838 259 121 Europe Irlande
10%
15 805 239 67 Afrique Malawi
10%
5 214 890 118 Europe Norvège
10%
6 703 860 104 Amérique Paraguay
10%
12 337 138 73 Afrique Rwanda
10%
102 918 184 Amérique Saint Vincent et les Grenadines
10%
190 428 178 Afrique Sao tomé et Principe
10%
5 443 120 115 Europe Slovaquie
10%
12 316 895 74 Afrique Somalie
10%
11 412 107 78 Afrique Tchad
10%
11 446 300 80 Afrique Tunisie
10%
91 295 186 Amérique Antigua et Barbuda
9%
4 105 493 126 Europe Croatie
9%
1 319 133 154 Europe Estonie
9%
110 152 180 Amérique Grenade
9%
8 334 000 98 Asie Israel
9%
1 820 631 148 Europe Kosovo
9%
1 934 379 146 Europe Lettonie
9%
2 808 901 137 Europe Lituanie
9%
2 064 032 144 Europe Macédoine du nord
9%
650 036 164 Europe Monténégro
9%
6 167 237 108 Amérique Nicaragua
9%
1 612 198 Océanie Niue
9%
163 362 179 Amérique Sainte Lucie
9%
6 125 512 109 Amérique Salvador
9%
11 562 695 75 Afrique Soudan du sud
9%
3 063 320 134 Europe Albanie
8%
9 762 274 92 Asie Azerbaidjan
8%
289 680 175 Amérique Barbade
8%
10 160 556 86 Afrique Bénin
8%
3 502 550 132 Europe Bosnie-Herzégovine
8%
422 675 170 Asie Brunei
8%
9 420 248 91 Afrique Burundi
8%
538 535 168 Afrique Cap Vert
8%
864 236 161 Europe Chypre
8%
4 947 490 120 Amérique Costa Rica
8%
9 157 000 93 Asie Emirats arabes unis
8%
2 717 991 139 Amérique Jamaique
8%
6 803 699 102 Asie Laos
8%
3 547 539 130 Europe Moldavie
8%
3 608 431 129 Amérique Panama
8%
2 066 880 143 Europe Slovénie
8%
8 354 000 97 Asie Tadjikistan
8%
3 332 972 133 Amérique Uruguay
8%
322 809 174 Amérique Bahamas
7%
340 844 172 Amérique Belize
7%
1 071 229 158 Afrique Comores
7%
14 974 195 Océanie Iles Cook
7%
6 706 051 103 Asie Jordanie
7%
393 595 171 Asie Maldives
7%
2 334 029 140 Asie Qatar
7%
5 312 400 116 Asie Singapour
7%
7 351 374 99 Afrique Togo
7%
1 223 916 155 Amérique Trinité et Tobago
7%
1 346 613 152 Asie Bahrein
6%
733 643 163 Asie Bhoutan
6%
4 662 446 122 Afrique Congo
6%
907 127 159 Afrique Djibouti
6%
735 554 162 Amérique Guyana
6%
5 895 062 110 Asie Kirghizistan
6%
2 742 711 138 Asie Koweit
6%
5 882 562 111 Asie Liban
6%
6 244 174 107 Afrique Libye
6%
1 331 155 153 Afrique Maurice
6%
573 311 167 Amérique Suriname
6%
1 201 542 157 Asie Timor oriental
6%
3 060 631 135 Asie Arménie
5%
2 155 784 142 Afrqiue Botswana
5%
6 380 803 106 Afrique Erythrée
5%
1 419 623 151 Afrique Eswatini
5%
1 925 527 147 Afrique Gambie
5%
4 490 500 125 Asie Géorgie
5%
1 222 442 156 Afrique Guinée equatoriale
5%
1 942 008 145 Afrique Lesotho
5%
4 092 310 127 Afrique Libéria
5%
3 516 806 131 Afrique Mauritanie
5%
2 953 190 136 Asie Mongolie
5%
2 198 406 141 Afrique Namibie
5%
3 623 000 128 Asie Oman
5%
5 277 959 117 Afrique République centrafricaine
5%
5 743 725 113 Afrique Sierra leone
5%
5 171 943 119 Asie Turkmenistan
5%
1 672 597 150 Afrique Gabon
4%
1 693 398 149 Afrique Guinée Bissau
4%
4 550 368 124 Asie Palestine
4%
Aucun quiz correspondant
Distribution des résultats
% des personnes avec chaque résultat
Percentile par nombre de réponses
Votre historique - résultats
Vous n’avez pas pris ce quiz depuis la dernière actualisation